Semejante a la noche - Historia y temporalidad /
Resumen: Analiza "Semejante a la noche", de Alejo Carpentier, desde una perspectiva de las teorías de Julia Kristeva y del análisis literario de Francoise Pérus. Esto es con el propósito de abordar la procedencia extra-textual de los diferentes tipos de afirmaciones en dicho cuento; en el...
Guardat en:
| Autor principal: | |
|---|---|
| Format: | Desconegut |
| Idioma: | Spanish |
| Matèries: | |
| Etiquetes: |
Afegir etiqueta
Sense etiquetes, Sigues el primer a etiquetar aquest registre!
|
MARC
| LEADER | 000000000a22000000004500 | ||
|---|---|---|---|
| 001 | 008985 | ||
| 041 | 0 | |a spa | |
| 100 | 1 | |a Trejos Montero, Elisa | |
| 245 | 1 | 0 | |a Semejante a la noche - Historia y temporalidad / |c Elisa Trejos Montero. |
| 310 | |a Semestral | ||
| 520 | |a Resumen: Analiza "Semejante a la noche", de Alejo Carpentier, desde una perspectiva de las teorías de Julia Kristeva y del análisis literario de Francoise Pérus. Esto es con el propósito de abordar la procedencia extra-textual de los diferentes tipos de afirmaciones en dicho cuento; en el cual abundan detalles que ubican al personaje en las diferentes coordenadas histórico-sociales en las que le corresponde vivir. | ||
| 650 | 4 | |a CARPENTIER, ALEJO, 1904-1980 | |
| 650 | 4 | |a SEMEJANTE A LA NOCHE | |
| 650 | 4 | |a LITERATURA CUBANA | |
| 650 | 4 | |a CUENTOS | |
| 650 | 4 | |a HISTORIA Y CRITICA | |
| 773 | 0 | |x 0377-628X |d San José, Costa Rica : Editorial Universidad de Costa Rica |t Revista de Filología y Lingüística de la Universidad de Costa Rica |g volumen XIII, número 2 (1987), páginas 25-33 | |
| 942 | |c ARC | ||
| 999 | |c 14920 |d 14920 | ||
